Представление документа в формате MARC21

Поле Инд. ПП Название Значение
Тип записи a
Библиографический уровень b
001 Контрольный номер RU/IS/BASE/283879642
005 Дата корректировки 20220715140334.9
008 Кодируемые данные 20081229
040 b Код языка каталог. rus
e Правила каталог. PSBO
041 0_ a Код языка текста rus
084 a Индекс другой классификации/Индекс ББК 60.524.224.56
100 1_ a Автор Медведев Е. А.
q Полное имя Медведев Евгений Андреевич
245 10 a Заглавие Отчуждение в информационном обществе
504 a Библиография Библиогр. ссылки. - Примеч.
650 a Основная рубрика социология
653 a Ключевые слова блоги
a Ключевые слова блогосфера
a Ключевые слова Интернет
a Ключевые слова информационное общество
a Ключевые слова отчуждение
a Ключевые слова плагиат
a Ключевые слова социальные связи
a Ключевые слова средства массовой информации (СМИ)
773 t Заглавие источника Вестник Московского университета. Серия 18, Социология и политология
d Дата издания источника 2008
g Прочая информация № 1. - С. 184 - 190
w Контрольный № источника RU/IS/BASE/279889919
901 t Тип документа b